Statistics for Federal Subjects of Russia

Click here to take the quiz!

General Stats

  • This quiz has been taken 81,545 times
    (65,663 since last reset)
  • The average score is 40 of 85

Answers on the Map

Answers color-coded by a green-red scale on the quiz's map according to % correct below.
 

Answer Stats

TypeFederal Subject% Correct
OblastMoscow
96%
CityMoscow
96%
CitySaint Petersburg
89%
RepublicCrimea
84%
OblastKaliningrad
81%
RepublicChechen Republic
72%
RepublicSakha
72%
KraiKamchatka
69%
OblastMurmansk
66%
CitySevastopol
66%
OblastSakhalin
64%
RepublicDagestan
63%
OblastVolgograd
63%
RepublicKarelia
62%
OblastRostov
60%
Autonomous OblastJewish
59%
OblastLeningrad
58%
OblastOmsk
58%
OblastArkhangelsk
57%
OblastIrkutsk
55%
KraiKrasnodar
55%
OblastNizhny Novgorod
54%
OblastNovgorod
54%
OblastNovosibirsk
54%
KraiPerm
54%
KraiKrasnoyarsk
53%
RepublicTatarstan
53%
RepublicTuva
53%
RepublicNorth Ossetia-Alania
51%
OblastSamara
49%
RepublicAltai
47%
KraiAltai
47%
OblastPskov
47%
OblastTomsk
47%
OblastAstrakhan
46%
OblastChelyabinsk
46%
OblastMagadan
46%
OblastSmolensk
46%
Autonomous OkrugYamalo-Nenets
46%
OblastAmur
45%
RepublicKomi
44%
Autonomous OkrugNenets
44%
OblastVladimir
44%
OblastBelgorod
43%
OblastKursk
43%
RepublicBuryatia
42%
Autonomous OkrugChukotka
42%
OblastTula
42%
OblastTver
42%
OblastVoronezh
42%
OblastOrenburg
41%
KraiPrimorsky
41%
OblastBryansk
40%
RepublicIngushetia
40%
RepublicKalmykia
40%
KraiKhabarovsk
40%
OblastSaratov
40%
RepublicAdygea
39%
RepublicBashkortostan
39%
OblastYaroslavl
38%
RepublicMari El
37%
OblastRyazan
37%
KraiStavropol
36%
OblastTyumen
36%
RepublicChuvash Republic
35%
OblastKirov
35%
OblastVologda
35%
OblastIvanovo
33%
RepublicKabardino-Balkaria
33%
Autonomous OkrugKhanty–Mansi / Yugra
33%
OblastSverdlovsk
33%
RepublicUdmurtia
33%
OblastKaluga
32%
RepublicKarachay-Cherkessia
32%
OblastKemerovo
32%
RepublicMordovia
32%
OblastOryol
32%
OblastPenza
32%
OblastLipetsk
31%
RepublicKhakassia
30%
OblastTambov
30%
OblastUlyanovsk
30%
KraiZabaykalsky
30%
OblastKostroma
29%
OblastKurgan
29%

Score Distribution

Percentile by Number Answered

Percent of People with Each Score

Your Score History

You have not taken this quiz since the last reset